Normal view
MARC view
- Chen, J.
Entry Personal Name
001 - CONTROL NUMBER
- control field: 111073
003 - CONTROL NUMBER IDENTIFIER
- control field: NUST
005 - DATE AND TIME OF LATEST TRANSACTION
- control field: 20230322131513.0
008 - FIXED-LENGTH DATA ELEMENTS
- fixed length control field: 230322|| aca||aabn | a|a d
040 ## - CATALOGING SOURCE
- Original cataloging agency: NUST
- Transcribing agency: NUST
100 ## - HEADING--PERSONAL NAME
- Personal name: Chen, J.
- Fuller form of name: (Jie)
670 ## - SOURCE DATA FOUND
- Source citation: Work cat.: (NUST)0: Chen, J. (Jie), Robust model-based fault diagnosis for dynamic systems /, 1999.
